Is It a Sporcle Quiz or Not? Stats

 Plays Quiz Updated Feb 21, 2020

Support Sporcle.
Go Orange.
Score 0/27 Timer 03:00
1 Play Today
Is this a Sporcle quiz? Y or N? % Correct
'Drug or Pokemon?'???
81%
'Lousy Descriptions of Tom Hanks Movies'???
75.4%
'Games by Cupcake'???
74.4%
'Deceased SNL Cast Members'???
73.8%
'Tweets from the Bible'???
72.3%
'Rock, Paper, Scissors, Lizard, Spock'???
70.5%
'Ways the World Could End'???
68.2%
'Meat Geography!'???
66.7%
'Naming Polyatomic Ions'???
63.9%
'African Countries by Facial Tattoo'???
63.4%
'Presidents by Derriere'???
63.3%
'Popular British Pants'???
61.2%
'The Celery Quiz'???
60.9%
'Science Fiction Swearing'???
55.9%
Is this a Sporcle quiz? Y or N? % Correct
'I Beat Meryl Streep!'???
54.5%
'Counting in Ternary'???
53.8%
'Men on Playboy'???
53.5%
'Most Common Penthouse Forum Adjectives'???
52.1%
'Famous Movie Sneezes'???
50%
'2008 Executions'???
49.5%
'TV Clowns by Upside-Down Frowns!'???
48.1%
'Best-Selling Superhero Underwear'???
48%
'Santa Claus Mug Shots'???
47.1%
'Matt Millen Picks'???
45.9%
'Slightly Off T-Shirts'???
44.1%
'Strange Appendages'???
43.2%
'Lindsay Lohan Felonies/Misdemeanors'???
38.6%

You're not logged in!

Compare scores with friends on all Sporcle quizzes.
OR
Log In

From the Vault

NBA Most Points w/o 20ppg Season

by jonesjeffum

These are the best players you always sort of forget were on your favorite team.
Remove Ads.
Support Sporcle.
Get the best of Sporcle when you Go Orange. This ad-free experience offers more features, more stats, and more fun while also helping to support Sporcle. Thank you for becoming a member.

Show Comments

Extras

Top Quizzes Today


Score Distribution

Your Account Isn't Verified!

In order to create a playlist on Sporcle, you need to verify the email address you used during registration. Go to your Sporcle Settings to finish the process.

Report this User

Report this user for behavior that violates our Community Guidelines.

Details: